Statistics for Drug Classes

Click here to take the quiz!

General Stats

  • This quiz has been taken 47 times
  • The average score is 8 of 29

Answer Stats

DrugsAnswer% Correct
Codeine, MorphineOpioid
84%
Atenolol, PropranololBeta-blocker
73%
Diclofenac, IbuprofenNon-steroidal anti-inflammatory drug
68%
Atorvastatin, SimvastatinStatin
54%
Amoxicillin, AmpicillinPenicillin
51%
Omeprazole, LansoprazoleProton pump inhibitor
49%
Lisinopril, RamiprilACE inhibitor
46%
Furosemide, TriamtereneDiuretic
46%
Amlodipine, DiltiazemCalcium channel blocker
41%
Salmeterol, SalbutamolBeta-agonist
35%
Beclomethasone, PrednisoloneCorticosteroid
35%
Glyceryl trinitrate, Isosorbide dinitrateNitrate
35%
Cimetidine, RanitidineAnti-histamine
32%
Doxycycline, LymecyclineTetracycline
30%
Azithromycin, ErythromycinMacrolide
27%
Phenoxybenzamine, PhentolamineAlpha-blocker
22%
Griseofulvin, TerbinafineAnti-fungal
19%
Ciprofloxacin, Nalidixic acidQuinolone
16%
Hydralazine, MinoxidilVasodilator
14%
Gentamicin, StreptomycinAminoglycoside
11%
Eplerenone, SpironolactoneAldosterone antagonist
8%
Mebeverine, DicyclomineAnti-spasmodic
8%
Streptokinase, AlteplaseFibrinolytic
8%
Efavirenz, NevirapineNon-nucleoside reverse transcriptase inhibitor
8%
Aminophylline, TheophyllineXanthine
8%
Enoximone, MilrinonePhosphodiesterase inhibitor
5%
Ritonavir, SaquinavirProtease inhibitor
5%
Rifabutin, RifampicinRifamycin
3%
Mesalazine, BalsalazideAminosalicylate
0%

Score Distribution

Percentile by Number Answered

Percent of People with Each Score

Your Score History

You have not taken this quiz